Countries Ending in a 3-Letter Word Quiz Stats

 Plays Quiz Updated Jul 2, 2018

Challenge
Share
Tweet
Embed
Score 0/69 Timer 08:00
9 Plays Today
3 Letter Word Country % Correct
WAYNorway
87.1%
TANPakistan
80.6%
KEYTurkey
80%
RANIran
79.3%
ANYGermany
79%
TANAfghanistan
78.5%
NAMVietnam
78.1%
DOMUnited Kingdom
77.7%
ARKDenmark
77.7%
ANDIreland
77%
DENSweden
76.1%
ANDIceland
75%
TANUzbekistan
74.9%
TANTurkmenistan
74.7%
ANDFinland
74.4%
PANJapan
74.3%
MOASamoa
73.8%
GALSenegal
73.4%
AINSpain
72.3%
TANKazakhstan
72.1%
GALPortugal
69.9%
MANOman
69.8%
PALNepal
69.5%
WANTaiwan
69.4%
THOLesotho
69.4%
AITKuwait
69.3%
VIALatvia
67.2%
ANDPoland
66.8%
TANTajikistan
66.7%
MENYemen
66.6%
HADChad
66%
TANKyrgyzstan
65.8%
DANSudan
65.8%
DOREcuador
65.5%
AINBahrain
65.4%
3 Letter Word Country % Correct
AGOTrinidad and Tobago
64.7%
ANDSwitzerland
62.5%
AMAPanama
61.3%
TARQatar
59.6%
DOSBarbados
58.3%
ANDThailand
58.1%
ANDNew Zealand
56.7%
DANSouth Sudan
56.6%
OVAMoldova
54.8%
CARMadagascar
54.5%
MARMyanmar
52.6%
RIASyria
50.4%
SAUGuinea-Bissau
50.1%
TANBhutan
49.5%
RIABulgaria
47.1%
RIAAustria
45.8%
LESSeychelles
45.7%
RIAAlgeria
45.1%
PIAEthiopia
44.8%
DOREl Salvador
43.6%
VISSt. Kitts and Nevis
42.1%
DANJordan
41.8%
ALAGuatemala
40.4%
MASBahamas
39.8%
ONESierra Leone
39.7%
ORESingapore
39.2%
RASHonduras
38.6%
RIANigeria
38.5%
ANAGhana
37.4%
VIABolivia
37.3%
ANAGuyana
36.9%
RIALiberia
33.8%
ANABotswana
29.9%
IRECôte d'Ivoire
21.1%

You're not logged in!

Compare scores with friends on all Sporcle quizzes.
OR
Log In

You Might Also Like...

Show Comments

Extras

Top Quizzes Today


Score Distribution

Your Account Isn't Verified!

In order to create a playlist on Sporcle, you need to verify the email address you used during registration. Go to your Sporcle Settings to finish the process.

Report this User

Report this user for behavior that violates our Community Guidelines.

Details: